000 00276nam a22001217a 4500
008 170525b xxu||||| |||| 00| 0 eng d
041 _aeng
080 _a621.3
100 _a26
101 _aIM
245 _aSISTEMI NDËRKOMBËTAR I NJËSIVE
_cSKENDERI,S.H
942 _2udc
_cBK
999 _c14223
_d14223